Encyclopedia of 20th-Century Architecture /

Obra de referencia sobre la arquitectura producida a lo largo del siglo XX, desde el Art-Nouveau al Post-modernismo, en todo el mundo. Incluye entradas por arquitectos, asociaciones, grupos, estilos y tendencias particulares, así como sobre naciones en que destaca la innovación arquitectónica.

Na minha lista:
Detalhes bibliográficos
Autor principal: Lampugnani, Vittorio Magnago (ed.)
Formato: Livro
Idioma:inglês
Publicado em: Nueva York, EUA : Harry N. Abrams, 1986, c1986
Assuntos:
Tags: Adicionar Tag
Sem tags, seja o primeiro a adicionar uma tag!

MARC

LEADER 00000nam^a2200000^a^4500
001 000185360
005 20250521000000.0
009 20260310102148.077
020 |a 0-8109-0860-3 
037 |a Acervo ITESO - Biblioteca 
041 |a ING 
082 |a 724. 603  |b LAM 
100 |a Lampugnani, Vittorio Magnago  |e (ed.) 
240 1 1 |a [Encyclopedia of Modern Architecture] 
245 1 0 |a Encyclopedia of 20th-Century Architecture /  |c Ed. de V.M. Lampugnani. 
264 4 |a Nueva York, EUA :  |b Harry N. Abrams,  |c 1986, c1986 
300 |a 384 p. 
336 |a texto  |b txt  |2 rdacontenido 
337 |a sin mediación  |b n  |2 rdamedio 
338 |a volumen  |b nc  |2 rdasoporte 
500 |a Traducción de: Hatje-Lexicon der Architektur des 20. Jahrhunderts 
520 |a Obra de referencia sobre la arquitectura producida a lo largo del siglo XX, desde el Art-Nouveau al Post-modernismo, en todo el mundo. Incluye entradas por arquitectos, asociaciones, grupos, estilos y tendencias particulares, así como sobre naciones en que destaca la innovación arquitectónica. 
649 |a XX 
650 |a Arquitectura Moderna -  |x Historia y Crítica 
650 |a Arquitectura Moderna -  |x Enciclopedias y Diccionarios 
650 |a Arte Moderno -  |x Historia y Crítica 
650 |a Arte Moderno -  |x Enciclopedias y Diccionarios 
650 |a Enciclopedias y Diccionarios 
910 |a Fondo General 
920 |a Impresos - Libros 
930 |a Obras de Referencia 
905 |a 102 
901 |a 0500126586  |b IT2  |c REF  |u 20250521 
902 |a https://opac.biblio.iteso.mx/vufind/Record/000185360